| 000 | 00878nam0a2200241 4500 | ||
|---|---|---|---|
| 001 | RU\NLR\BIBL_A\011345674 | ||
| 005 | 20260406072612.0 | ||
| 035 | _a(NLR Aleph) 011345674 | ||
| 090 |
_a11216498 _c11216498 |
||
| 100 | _a20170314d1968 |||y0rusy50 ca | ||
| 101 | 0 | _aalt | |
| 102 | _aRU | ||
| 105 | _ay z 000 y | ||
| 200 | 1 |
_aБаштапкы алтамдар _fИ. Шодоев |
|
| 210 |
_aГорно-Алтайск _cАлт. бичиктер чыг. изд. Туулу Алт. бӧлӱги _d1968 |
||
| 215 |
_a30,[2] с. _d17 |
||
| 541 | 1 |
_aПервые шаги _eдля детей мл. шк. возраста |
|
| 686 | 1 | _aШ9(2)6=Алт-4 | |
| 700 | 1 |
_4070 _7ca _8rus _aШодоев _bИ. В. _f1914-2006 _gИван Васильевич _3RU\NLR\auth-onl\77321 _9130379 |
|
| 852 |
_aNLR _bОНЛ _jАлт./2-676 |
||
| 942 | _cBOOK | ||
| 980 | _aNB | ||